| 000 | 02594nam a2200349 a 4500 | ||
|---|---|---|---|
| 001 | 000042739 | ||
| 003 | DO-SdBPM | ||
| 005 | 20250624120804.0 | ||
| 007 | ta | ||
| 008 | 140206s 2011 dr 000 j spa d | ||
| 020 | _a9789945475029 | ||
| 040 |
_aDO-SdBPM _bspa _cBPMSU _drda |
||
| 082 | 4 |
_aRD863.4408 _bH557p 2011 _222 |
|
| 100 | 1 |
_aHernández, Ángela, _d1954- _eautora _4aut |
|
| 100 | z | _a Hernández Núñez, Angela | |
| 100 | z | _a Núñez, Angela Hernández | |
| 245 | 1 | 3 |
_aEl peso del rocío : _bcuentos reunidos / _cÁngela Hernández Núñez. |
| 260 | _c | ||
| 264 |
_aSanto Domingo : _bEdiciones Ferilibro, _c2011 |
||
| 300 |
_a394 páginas. ; _c23 cm. |
||
| 336 |
_atexto _btxt _2rdacontent |
||
| 337 |
_asin mediación _bn _2rdamedia |
||
| 338 |
_avolumen _bnc _2rdacarrier |
||
| 500 | _aIncluye datos biográficos de la autora en las solapas | ||
| 505 | 0 |
_a Una brecha en el agua / Danilo Manera, 11.-- Los relatos alotrópicos de Ángela Hernández / Ester Gimbernat González, 17.-- Alótropos. Alótropos, 23.-- Cómo recoger la sombra de las flores, 39.-- El cuadro, 55.-- Amo tres hombres, 61.-- Más allá, 69.-- El mejor, 73.-- Los fantasmas prefieren la luz del día, 81.-- El suegro, 97.-- Alí Samán, 101.-- Paradoja en los andenes, 107.-- Teresa Irene, 111.-- La fotografía quemada, 121.-- El encuentro, 127.-- La alegría, 131.-- Masticar una rosa. Masticar una rosa, 137.-- Olef Milló, 145.-- ¿Has visto la luna?, 169.-- El cuerpo límite, 177.-- Lugares comunes, 183.-- Telegrama, 191.-- Estaciones, 195.-- Ojos aguados, 201.-- Cálidamente, suya, 207.-- El acuerdo, 225.-- La abuela poética, 231.-- Piedra de sacrificio. La cualidad de la nostalgia, 243.-- Una gota de sangre, 251.-- Dálmata, 255.-- Los Olaxis, 261.-- Estancia fuga, 271.-- Cúmulo nimbo, 279.-- Vera efigies, 289.-- El paso estrecho, 293.-- Monólogo de Lumas, 297.-- Leve aluvión, 303.-- Arrecifes, 309.-- Abura, 313.-- Meisó, 323.-- Cuentos casi extraños. Un hombre muy parecido a un fugaz pensamiento, 341.-- Maguey y manzanas verdes, 343.-- Los mercaderes del amor, 349.-- El aura de la aprendiza, 351.-- Umbral de milenio, 357.-- Anexos. De comparecer se trata, 367.-- Antologías que incluyen cuentos de Ángela Hernández. Otras publicaciones, 379.-- Comentarios críticos, 385. _t _t _t |
|
| 590 | _aInventariado, 2025 /VM | ||
| 650 | 7 |
_aCuentos dominicanos _xColecciones |
|
| 650 | 7 |
_aLiteratura dominicana _xColecciones |
|
| 710 | 2 |
_aRepública Dominicana. _bDirección General de la Feria del Libro. |
|
| 910 | _aVMateo V. Control de calidad. BPMSU | ||
| 942 |
_2ddc _cBK |
||
| 999 |
_c15205 _d15205 |
||